000 00595nam a2200229Ia 4500
003 OSt
005 20220928130643.0
006 a|||||r|||| 00| 0
007 ta
008 220927b |||||||| |||| 00| 0 eng d
024 _a33730
037 _cTextual
040 _aSDCL
_cSDCL
_beng
041 _2eng
_aeng
082 _aT:3(R5), M5
100 _aRoss Malcolm Ed.
_9475279
245 0 _aAesthetic in education.
260 _aOxford
_bPergamon Press
_c1985
300 _axxii,235p
_ccm.
942 _hT:3(R5), M5
_cTEXL
_2CC
999 _c787805
_d787805